=LDR 00000nam 2200000 4500 =001 INLIS000000000026929 =005 20130612125337 =008 ***********************************Ind** =035 ##$$0010-061300000026929 =041 ##$$a Ind =082 ##$$a 701.15 =090 ##$$a 701.15, War m =100 ##$$a Wardana, Enam =245 ##$$a Membuat aneka kreasi berbahan sisik ikan, memanfaatkan waktu luang, Enam Wardana ; penyunting, Tajudin =260 ##$$a 2003 $b Jakarta =300 ##$$a x, 49 hlm, ilus, 23 cm =650 ##$$a Kreasi-Sisik ikan =700 ##$$a Tajudin =850 ##$$a NBPNMAT